000 00470nam a2200157Ia 4500
005 20250225114519.0
008 231217s9999 xx 000 0 und d
020 _a9788173664649
082 _a001.6424 KOZ;3 R1
100 _aKozierok, Charles
245 0 _aTCP/IP guide : a comprehensive illustrated internet protocols reference
260 _c2005
_bSPD India Pvt. Ltd.
_aMumbai
300 _aLxxiv+1539
650 _aTCP/IP,:,illustrated,protocols
942 _cAA
999 _c180617
_d180617